La capacitación y desarrollo del personal de dirección en las entidades públicas autónomas del Istmo centroamericano: presentación de un caso /

Experiencia de adiestramiento para personal de dirección de entidades públicas autónomas de Centroamerica. Caracteriza los sectores públicos de la región, estudia la evolución de las instituciones autónomas y su impacto en esos sectores, describe las actividades preparatorios del programa de adiestr...

Descripció completa

Guardat en:
Dades bibliogràfiques
Autor principal: Córdoba, Julio
Autor corporatiu: ICAP
Altres autors: Ruiz Granadino, Santiago, Valle, Víctor
Format: Text
Publicat: San José: ICAP
Matèries:
Etiquetes: Afegir etiqueta
Sense etiquetes, Sigues el primer a etiquetar aquest registre!

MARC

LEADER 00000 a a2200000 04500
001 19909
003
040
090 |a 080900  
100 |a Córdoba, Julio  
110 |a ICAP  
245 |a La capacitación y desarrollo del personal de dirección en las entidades públicas autónomas del Istmo centroamericano: presentación de un caso /  |c Julio Córdoba 
260 |a San José:   |b ICAP  
300 |a 91 p.  
520 |a Experiencia de adiestramiento para personal de dirección de entidades públicas autónomas de Centroamerica. Caracteriza los sectores públicos de la región, estudia la evolución de las instituciones autónomas y su impacto en esos sectores, describe las actividades preparatorios del programa de adiestramiento y el enfoque de este, muestra la estructura y el calendario de las actividades de un curso típico. Incluye programas de materias impartidas./ACM  
650 |a DESCENTRALIZACION  
650 |a PROGRAMAS DE CAPACITACION  
650 |a PERSONAL TECNICO  
650 |a ADMINISTRACION PUBLICA  
650 |a INSTITUCIONES AUTONOMAS  
650 |a PUB. ICAP  
700 |a Ruiz Granadino, Santiago  
700 |a Valle, Víctor  
999 |c 11728  |d 11728